Lược khảo văn học Tập 2 Ngôn ngữ văn chương và kịch

Salvato in:
Dettagli Bibliografici
Autore principale: Nguyễn, Văn Trung
Natura: Libro
Lingua:Vietnamese
Pubblicazione: T.P. Hồ Chí Minh Tổng hợp T.P. Hồ Chí Minh 2019
Soggetti:
Tags: Aggiungi Tag
Nessun Tag, puoi essere il primo ad aggiungerne! !
Thư viện lưu trữ: Trung tâm Học liệu Lê Vũ Hùng, Trường Đại học Đồng Tháp
LEADER 00881pam a22002538a 4500
001 00045478
005 20200514160556.0
008 171018s2002 ||||||viesd
020 # # |c 100000  |a 9786045874363 
041 0 # |a vie 
082 1 4 |a 895.922 09  |b L557KH 
100 # # |a Nguyễn, Văn Trung 
245 1 0 |c Nguyễn Văn Trung  |a Lược khảo văn học  |n Tập 2  |p Ngôn ngữ văn chương và kịch 
260 # # |a T.P. Hồ Chí Minh  |c 2019  |b Tổng hợp T.P. Hồ Chí Minh 
300 # # |a 256 tr.  |c 24 cm 
653 # # |a Kịch 
653 # # |a Văn học 
653 # # |a Lược khảo 
653 # # |a Nghiên cứu 
653 # # |a Ngôn ngữ văn chương 
653 # # |a Việt Nam 
852 # # |j KM.0033892  |j KD.0027174  |j KM.0033891 
910 # # |d 14/5/2020 
980 # # |a Trung tâm Học liệu Lê Vũ Hùng, Trường Đại học Đồng Tháp